Hydrolytická a transglykozylačná aktivita beta-N-acetylhexózaminidáz

Saved in:
Bibliographic Details
Main Author: Pokorná, Ema (Author)
Other Authors: Hronská, Helena (Thesis advisor)
Format: Manuscript Book
Language:Slovak
Published: 2016
Subjects:
Online Access:http://is.stuba.sk/zp/portal_zp.pl?podrobnosti=109629
Tags: Add Tag
No Tags, Be the first to tag this record!

MARC

LEADER 00000ntm a22000003a 4500
001 stuzp58042
003 SK-STU
005 20160719155440.4
007 ta
008 150427s2015----xo-----f-mn---000-0-slo-d
040 |a STU  |b slo 
041 0 |a slo 
100 1 |a Pokorná, Ema  |u 044000  |4 aut  |U FCHPT Fakulta chemickej a potravinárskej technológie  |T FCHPT Ústav biotechnológie  |X 63766  |U C4000  |Y 102  |7 63766 
242 0 1 |a Hydrolytic and Transglycosylation Activities of beta-N-Acetylhexosaminidases  |y eng 
245 1 0 |a Hydrolytická a transglykozylačná aktivita beta-N-acetylhexózaminidáz 
260 |c 2016 
650 4 |a beta-N-acetylhexózaminidáza  |2 slo 
650 4 |a hydrolytická aktivita  |2 slo 
650 4 |a transglykozylačná aktivita  |2 slo 
650 4 |a glykozidy  |2 slo 
650 4 |a beta-N-acetylhexozaminidase  |2 eng 
650 4 |a transglycosylation activity  |2 eng 
650 4 |a glycosides  |2 eng 
650 4 |a hydrolytic activity  |2 eng 
700 1 |a Hronská, Helena  |u 044000  |k Z1  |4 ths  |U FCHPT Fakulta chemickej a potravinárskej technológie  |T FCHPT Ústav biotechnológie  |X 4690  |U C4000  |Y 102  |7 A000004690 
856 4 |u http://is.stuba.sk/zp/portal_zp.pl?podrobnosti=109629 
SQL |a stuzp58042  |b DBP  |c SLO  |d Hydrolytická a transglykozylačná aktivita beta-N-acetylhexózaminidáz  |e 63766  |f Pokorná, Ema  |g 044000  |h 4690  |i Hronská, Helena  |j 20160711  |k 752  |l 04  |m http://is.stuba.sk/zp/portal_zp.pl?podrobnosti=109629  |n B-BIOPOT  |o 5.2.25. biotechnológie